MARC details
| 000 -LEADER |
| campo de control de longitud fija |
02954nam a22003135a 4500 |
| 001 - NÚMERO DE CONTROL |
| campo de control |
195944 |
| 003 - IDENTIFICADOR DE NÚMERO DE CONTROL |
| campo de control |
ES-MaACL |
| 005 - FECHA Y HORA DE LA ÚLTIMA TRANSACCIÓN |
| campo de control |
20250804062710.0 |
| 008 - DATOS DE LONGITUD FIJA--INFORMACIÓN GENERAL |
| campo de control de longitud fija |
240803s2023 sp ||||| |||| 00| 0 spa d |
| 017 ## - NÚMERO DE COPYRIGHT O DE DEPÓSITO LEGAL |
| Número de copyright o de depósito legal |
CA 304-2023 |
| 020 ## - NÚMERO INTERNACIONAL ESTÁNDAR DEL LIBRO |
| Número Internacional Estándar del Libro |
9798394429491 |
| 040 ## - FUENTE DE CATALOGACIÓN |
| Centro/agencia transcriptor |
ES-MaACL |
| 100 1# - ENTRADA PRINCIPAL--NOMBRE DE PERSONA |
| 9 (RLIN) |
234283 |
| Nombre de persona |
Benítez, Jesús, |
| Fechas asociadas al nombre |
1957- |
| Término indicativo de función/relación |
Autor |
| 245 ## - MENCIÓN DEL TÍTULO |
| Título |
2060 / |
| Mención de responsabilidad, etc. |
Jesús Benítez Benítez. |
| 250 ## - MENCION DE EDICION |
| Mención de edición |
Primera edición: mayo de 2023 |
| 260 ## - PUBLICACIÓN, DISTRIBUCIÓN, ETC. |
| Lugar de publicación, distribución, etc. |
Cádiz : |
| Nombre del editor, distribuidor, etc. |
Multiverso, |
| Fecha de publicación, distribución, etc. |
2023. |
| 300 ## - DESCRIPCIÓN FÍSICA |
| Extensión |
308 pág. : |
| Dimensiones |
21 cm. |
| 336 ## - TIPO DE CONTENIDO |
| Fuente |
rdacontent |
| Término de tipo de contenido |
Texto |
| 337 ## - TIPO DE MEDIO |
| Fuente |
rdamedia |
| Nombre/término del tipo de medio |
sin mediación |
| 338 ## - TIPO DE SOPORTE |
| Fuente |
rdacarrier |
| Nombre/término del tipo de soporte |
volumen |
| 520 ## - RESUMEN, ETC. |
| Sumario, etc. |
La novela titulada “2060” describe un relato real e irreal al mismo tiempo, en el que el protagonista, el heterónimo Bernardo Soares, con el desasosiego y emoción, propios de los personajes de Pessoa, junto a los otros personajes que figuran en ella, nos introduce en una aventura en la que se entremezclan acontecimientos verdaderos, descubrimientos científicos y el enfrentamiento entre los poderes ocultos que rigen el proceso de evolución tecnológica en el planeta. En ella se hace mención a hechos relacionados con la presencia extraterrestre, a los descubrimientos derivados de la ingeniería inversa y su influencia en nuestras vidas, pero en especial, se analiza la situación presente en la sociedad, gobernada por la tecnología, los intereses económicos y también a las previsiones que existen de cara al futuro, en especial, a partir del gran cambio que los científicos anuncian a partir del año 2060. ¿Qué está ocurriendo? ¿Somos conscientes de la realidad?, ¿Cuál es la realidad verdadera? Jesús Benítez, el autor de la obra, investiga y nos hace participar, mediante un relato trepidante, en las experiencias de la bilocación, pudiendo llegar a vislumbrar los acontecimientos humanos y naturales que al parecer podrán tener lugar. Todo ello en un marco psicológico muy emocional, en el que la naturaleza humana se presenta ante nosotros con los valores que más nos definen. Se trata de una novela intrigante, novedosa, que nos proporciona datos contrastados, algunos inimaginables, que se encuentran ante nosotros, sin que hayamos tenido la oportunidad de descubrirlos o de ser conscientes de ellos con la claridad que se describen en la peculiar aventura del protagonista. Se trata de una novela, de un libro de divulgación científica, de carácter histórico y premonitorio, que se desarrolla con un ritmo, cada vez más acelerado e inquietante, que nos hará reflexionar a todos. |
| 655 #0 - TERMINO DE INDIZACIÓN--GENERO/FORMA |
| Datos o término principal de género/forma |
Novelas |
| 9 (RLIN) |
234319 |
| 852 ## - LOCALIZACIÓN |
| Ubicación |
ES-MaACL |
| Sublocalización o colección |
R.154697 |
| Ubicación en estantería |
Depósito J |
| Número de control de estantería |
N-9068 |
| Donativo/Legado |
Donación: Jesús Benítez Benítez |
| Encuadernación |
Encuadernación rústica |
| itemnumber |
204972 |
| 903 ## - NOMBRE PERSONAL DE DONANTE |
| 9 |
234283 |
| a |
Benítez, Jesús, |
| d |
1957- |
| e |
Donante |
| 942 ## - ELEMENTOS DE ENTRADA SECUNDARIOS (KOHA) |
| Tipo de ítem Koha |
Libro impreso |
| Suprimir en OPAC |
No |